OECD Economic Surveys : Lithuania July 2018.

Bibliographic Details
Format: Book
Language:English
Published: Paris: Organisation for Economic Co-operation and Development, 2018.
Subjects:
LEADER 00791cam a2200229 7i4500
001 0000036393
005 20200629090000.0
007 ##ta
008 200629s2018 fr o 000 0 eng d
020 # # |a 9789264302198  
040 # # |a MATR 
090 0 0 |a LITH 330.9415   |b OEC 
245 0 0 |a OECD Economic Surveys :   |b Lithuania July 2018. 
264 # 1 |a Paris:   |b Organisation for Economic Co-operation and Development,   |c 2018. 
300 # # |a 150 pages:   |b illustrations;   |c 30 cm. 
336 # # |a text  |2 rdacontent 
337 # # |a unmediated  |2 rdamedia 
338 # # |a volume  |2 rdacarrier 
651 # 0 |a Lithuania --   |x Economic policy  
651 # 0 |a Lithuania --   |x Economic conditions  
999 |a 000040457  |b Book  |c Countries  |e Business Information Centre 
999 |a 0000040457  |b Book  |c Countries  |e Business Information Centre